|
|
|
|
| LEADER |
00000nab a2200000 a 4500 |
| 001 |
vtls000505206 |
| 003 |
SK-MaSNL |
| 005 |
20260305044342.0 |
| 008 |
160216c1993 xo 0 slo |
| 015 |
|
|
|a SNBRB19rr/mm-uuuuu
|
| 035 |
|
|
|a CL0505344
|
| 040 |
|
|
|a SNKBUCL
|b slo
|c SNKBUCL
|e AACR2
|
| 041 |
0 |
|
|a slo
|
| 044 |
|
|
|a xo
|c SK
|
| 080 |
|
|
|a 792.071.2
|2 1981
|
| 080 |
|
|
|a 791.44.071.2
|2 1981
|
| 080 |
|
|
|a 792.075
|2 1981
|
| 080 |
|
|
|a 929 Roman, Ľubomír
|2 1981
|
| 100 |
1 |
|
|a Roman, Ľubomír,
|d 1944-2022
|4 ive
|9 219741
|
| 245 |
1 |
0 |
|a Ako ich nepoznáme
|b Ľubo Roman
|c Ľubomír Roman, Gita Povodová
|
| 300 |
|
|
|b Fotogr. 1
|
| 600 |
1 |
7 |
|a Roman, Ľubomír,
|d 1944-2022
|2 snkbucl
|9 219741
|
| 655 |
|
7 |
|a články z novín a časopisov
|2 snkbucl
|9 267496
|
| 700 |
1 |
|
|a Povodová, Gita
|4 ivr
|9 6446
|
| 773 |
0 |
|
|t Rozhlas a televízia
|g Č. 48 (1993), s. 5
|x 0862-8122
|
| 850 |
|
|
|a Slovenská národná knižnica v Martine
|a MTA001
|
| 852 |
|
|
|a SNK
|b KIS3GCP
|
| 958 |
|
|
|a BX
|
| 958 |
|
|
|a RK
|
| 992 |
|
|
|a RBX
|
| 999 |
|
|
|c 3358049
|d 3359979
|